=LDR 00000nam 2200000 4500 =001 INLIS000000000050842 =005 20200407093230 =035 ##$$a 0010-0817000025 =007 ta =008 200407################g##########0#ind## =020 ##$$a 978-602-00-3071-5 =082 ##$$a 297.355 2 =084 ##$$a 297.355 2 AGU m =100 #$$a Agus Idwar =245 1#$$a Manajemen Dosa : $b Taat atau tidak taat Tuhan tidak rugi /$c Agus Idwar =250 ##$$a cet.1 =260 ##$$a Jakarta :$b PT Elek Media Kompotindo,$c 2012 =300 ##$$a 197 hlm : $b ilus. ; $c 15 x 17 cm =650 #4$$a Dosa =990 ##$$a 31701575